000 01197nmc a2200385 a 4500
003 AR-BaBNM
005 20251128204331.0
008 011101s1991 ||||||||||||||000 | spa||
020 _a950-01-0320-6
040 _cAR-BaBNM
100 1 _aGonzález Cuberes, María Teresa
245 1 0 _aEl taller de los talleres
_baportes al desarrollo de talleres educativos
260 _aBuenos Aires
_bEstrada
_c1991
300 _a113 p.
_bil.
490 0 _aPara el nivel terciario. Educación inicial
500 _aPrólogo por Antonio F. Salonia
504 _aBibliografía sugerida p. 109-113
650 4 _aTALLERES ESCOLARES
650 4 _aTALLERES [METODO PEDAGOGICO]
650 4 _aMETODOS DE ENSENANZA
650 4 _aDESARROLLO DE LA EDUCACION
650 4 _aMOTIVACION DEL ALUMNO
650 4 _aAPRENDIZAJE
650 4 _aJUEGOS EDUCATIVOS
650 4 _aCREATIVIDAD
650 4 _aDESARROLLO DE LA CREATIVIDAD
650 4 _aFORMACION DE DOCENTES
650 4 _aDINAMICA DE GRUPO
650 4 _aDISCIPLINA
650 4 _aOBJETIVOS EDUCACIONALES
653 _aPROCESO DE ENSENANZA-APRENDIZAJE
800 1 _aCapizzano de Capalbo, Beatriz
_edirector
942 _cBK
998 _cCarmen
999 _c7061
_d7061